000 00286nam a22001337a 4500
008 170303b xxu||||| |||| 00| 0 eng d
020 _a0801664780
041 _aeng
080 _a616.073
100 _a6
101 _aSHM
245 _aCARDIAC RADIOLOGY
_cMILLER, S.W
942 _2udc
_cBK
999 _c6687
_d6687